00702nam a2200229Ia 4500003000400000005001700004008004100021020000700062040000700069082001400076100003000090245004500120250000700165260005000172300002900222500001900251600003300270650001300303942001200316952012900328999001500457OSt20241007061007.0240925s9999 xx 000 0 und d aNA cds a297.1 NAJ aNajmee, Syed Abdul Hassan 0aIslamic Legal Theory and The Orientalist aNA aLahore:bInstitute of Islamic Culturec,1989. axii, 393p.bNAfOriginal aIncludes Index aHumanities & Natural Science aReligion cBK2ddc 001040708HUMaUITUbUITUd1996-01-22eThomas and Thomasg125.00l0o297.1 NAJpQ0551r2024-09-25 07:12:08w2024-09-25yBK c3050d3050